00648nam a2200193Ia 4500008004100000020001800041082001500059100002100074245002700095250000800122260004400130300002700174500001900201600003300220650001600253942000700269952016100276999001700437240925s9999 xx 000 0 und d a9788126515370 a515.35 ROS aRoss, Shepley L. 0aDifferential Equations a3rd aNew Delhi:bJohn Wiley and Sonsc,2016. axli,954p.b0fOriginal aIncludes Index aHumanities & Natural Science aMathematics cBK 001040708HUMaUITUbUITUd2019-01-22eAllied Book Companyg1308.32l1m1o515.35 ROSpQ14001q2026-04-28r2026-04-20 11:27:54s2026-04-20w2024-09-25yBK c16500d16500